Państwa z literą E jako drugą literą - Statystyki

Ogólne statystyki
  • Ten quiz został rozwiązany 2 044 razy
    1 691 od ostatniego zresetowania
  • Średni wynik to 12 z 17
Statystyki odpowiedzi
Kraj % Poprawnych
Belgia
79%
Peru
78%
Kenia
76%
Meksyk
76%
Jemen
75%
Wenezuela
74%
Belize
71%
Senegal
71%
Serbia
70%
Republika Południowej Afryki
65%
Demokratyczna Republika Konga
63%
Benin
62%
Nepal
61%
Republika Środkowoafrykańska
60%
Lesotho
58%
Seszele
57%
Republika Zielonego Przylądka
56%
Nie znaleziono quizów pasujących do podanych kryteriów
Rozkład punktacji
Procent ludzi z każdym wynikiem
Percentyl według liczby udzielonych odpowiedzi
Twoja historia wyników
Nie rozwiązałeś tego quizu od ostatniego zresetowania